Two altars, ten funerals : (Registro nro. 25909)
[ vista simple ]
| 000 -CABECERA | |
|---|---|
| campo de control de longitud fija | 00929naa a22002657a 4500 |
| 001 - NÚMERO DE CONTROL | |
| campo de control | vtls000029725 |
| 003 - IDENTIFICADOR DEL NÚMERO DE CONTROL | |
| campo de control | ES-BaIT |
| 005 - FECHA Y HORA DE LA ÚLTIMA TRANSACCIÓN | |
| campo de control | 20251127103104.0 |
| 007 - CAMPO FIJO DE DESCRIPCIÓN FÍSICA--INFORMACIÓN GENERAL | |
| campo de control de longitud fija | t| |
| 008 - DATOS DE LONGITUD FIJA--INFORMACIÓN GENERAL | |
| campo de control de longitud fija | 111114s1996 xxu|||||| |00| |eng|d |
| 010 ## - NÚMERO DE CONTROL DE LA BIBLIOTECA DEL CONGRESO | |
| Número de control de LC | 29725 |
| 035 ## - NÚMERO DE CONTROL DEL SISTEMA | |
| Número de control de sistema | 0029-72560 |
| -- | ES-BaIT035 |
| 039 #9 - NIVEL DE CONTROL BIBLIOGRÁFICO Y DETALLES DE CODIFICACIÓN [OBSOLETO] | |
| Nivel de reglas en descripción bibliográfica | 201403072325 |
| Nivel de esfuerzo utilizado para asignar no-encabezamientos de materia en puntos de acceso | VLOAD |
| Nivel de esfuerzo utilizado en la asignación de encabezamientos de materia | 201303092021 |
| Nivel de esfuerzo utilizado para asignar clasificación | VLOAD |
| Nivel de esfuerzo utilizado en la asignación de encabezamientos de materia | 201111141545 |
| Nivel de esfuerzo utilizado para asignar clasificación | VLOAD |
| -- | 201110052309 |
| -- | VLOAD |
| 100 1# - ENTRADA PRINCIPAL--NOMBRE DE PERSONA | |
| Nombre de persona | Ehn, Erik |
| 9 (RLIN) | 17419 |
| 245 10 - MENCIÓN DE TÍTULO | |
| Título | Two altars, ten funerals : |
| Resto del título | all souls / |
| Mención de responsabilidad, etc. | Erik Ehn |
| 500 ## - NOTA GENERAL | |
| Nota general | P5: D3, H2 |
| 500 ## - NOTA GENERAL | |
| Nota general | Estrena 1994-05 Annex Theatre (Seattle), dir. Erik Ehn |
| 740 0# - ENTRADA AGREGADA--TÍTULO RELACIONADO/ANALÍTICO NO CONTROLADO | |
| Título relacionado o analítico no controlado | 2 altars, ten funerals |
| 740 0# - ENTRADA AGREGADA--TÍTULO RELACIONADO/ANALÍTICO NO CONTROLADO | |
| Título relacionado o analítico no controlado | 2 altars, 10 funerals |
| 773 0# - ENLACE AL DOCUMENTO FUENTE/ENTRADA DE REGISTRO ANFITRIÓN | |
| Encabezamiento principal | Plays for the end of the century / edited, with an introduction, by Bonnie Marranca |
| Edición | London : Johns Hopkins University, cop.1996 |
| Número de control del registro | vtls000029229 |
| Número Internacional Estándar del Libro | 0-8018-5108-4 |
| Número bibliográfico anfitrión | 25476 |
| 790 ## - Identificador-font | |
| w | 0029-22960 |
| 790 ## - Identificador-font | |
| a | 002922960 |
| 917 ## - | |
| -- | Falta matèries. Cat. rev |
| 942 ## - ELEMENTOS DE ENTRADA AGREGADA (KOHA) | |
| Tipo de ítem Koha | Article |
No hay ítems disponibles.


